Raperzy Na Literę S - Statystyki

Ogólne statystyki
  • Ten quiz został rozwiązany 393 razy
    387 od ostatniego zresetowania
  • Średni wynik to 5 z 11
Statystyki odpowiedzi
Hint Odpowiedź % Poprawnych
7 Szpaku
63%
1 Solar
61%
10 Sobel
54%
4 Sarius
51%
5 Słoń
46%
6 Sokół
46%
9 Smolasty
41%
8 Sentino
38%
2 Sitek
26%
3 Schafter
22%
11 Sobota
18%
Nie znaleziono quizów pasujących do podanych kryteriów
Rozkład punktacji
Procent ludzi z każdym wynikiem
Percentyl według liczby udzielonych odpowiedzi
Twoja historia wyników
Nie rozwiązałeś tego quizu od ostatniego zresetowania